000 00589nam a2200181Ia 4500
008 090124s9999 xx 000 0 und d
082 _b31315
100 _aतिबिले अनंत
245 _a आम्हीही शर्थ केली
250 _a2
260 _bवसंत बुक स्टॉल
_c1993
300 _a240
600 _aतिबिले अनंत
630 _a आम्हीही शर्थ केली
700 _aतिबिले अनंत
730 _a आम्हीही शर्थ केली
942 _cBOOK
999 _c97334
_d97334